000 00675nam a2200205Ia 4500
003 OSt
005 20250205114305.0
008 210210b1979 xxu||||| |||| 00| 0 eng d
040 _cAL
041 _ahin
082 _aH891.9 PANH
100 _aPANDEY (Indraprakash)
_9197772
110 _bपांडेय (इंद्रप्रकाश)
_9197773
245 _aHindi ke anchalik upanyason mein jivan saty:
_bहिंदी के आंचलिक उपन्यासों में जीवन सत्य
260 _aNayi Dilli
_bNeshanal Pablishing
_c1979
300 _a302
690 _aHindi Criticism
_9197781
906 _a035518
942 _2ddc
_cBK
999 _c86120
_d86120